Statistics for SJS Class of 2025

Click here to take the quiz!

General Stats

  • This quiz has been taken 10 times
  • The average score is 100 of 174

Answer Stats

Answer% Correct
Aashna Poduval
100%
Abby Manuel
100%
Addison Vine
100%
Addison Walker
100%
Aidan Xu
100%
Aleena Gilani
100%
Alexys Tantuco
100%
Alice Zhang
100%
Amanda Brantley
100%
Amanda Frankfort
100%
Anna Sampson
100%
Annie Villa
100%
Armaan Talabi
100%
Ashley Ringold
100%
Ava Powell
100%
Benji Adachi
100%
Caiman Moreno-Earle
100%
Caroline Chiao
100%
Cate Adams
100%
Charlie Grace
100%
Cole Allen
100%
Daniela Lang
100%
David Schaefer
100%
Dayton Voorhees
100%
Elise Anderson
100%
Elizabeth Hu
100%
Ellie Burger
100%
Grady McMillin
100%
Henry Chiao
100%
Henry Denham
100%
Henry Hilliard
100%
Henry Johnston
100%
Izzie Wheelock
100%
Izzy Ibarra
100%
Jack Bowling
100%
Jack Faulk
100%
Jackie Chapman
100%
Jackie Thomas
100%
Jack Vu
100%
Jacob Green
100%
Jason Han
100%
Jay Woodhouse
100%
Johnathon Li
100%
John Hicks
100%
Joshua Freeman
100%
Kate Moody
100%
Katie Czelusta
100%
Kristen Lee
100%
Landon Doughty
100%
Lawson Duncan
100%
Leone Haryanto
100%
Lexi Burger
100%
Lexi Lang
100%
Lily Feather
100%
Lukas Fjeld-Hansen
100%
Marshall Dunahoe
100%
Mason Lum
100%
Max Martin
100%
Nadia Ali
100%
Pia Artzer
100%
Pierce Crist
100%
Ryan Paschke
100%
Ryan Shen
100%
Sam Griggs
100%
Sarah Adams
100%
Sebi Rodriguez
100%
Sofia Aboul-Enein
100%
Sophia Jammar
100%
Stockard Bragan
100%
Tess Artzer
100%
Vivian Kwoh
100%
Will Coffman
100%
William Baker
100%
William Sasser
100%
Will Odom
100%
Wyatt Childers
100%
Adrian Castillo
50%
Alex Bejger
50%
Alex Bucy
50%
Alex Ramirez
50%
Ally Faulk
50%
Ally Rodriguez
50%
Aspen Toussaint
50%
Astrid Schwarzgruber
50%
Avery Mirza
50%
Avery Peakes
50%
Ayaan Dhuka
50%
Colton Lloyd
50%
Connor Campbell
50%
Connor McCain
50%
Dylan Davis
50%
Elise DiPaolo
50%
Elizabeth Hay
50%
Ethan Zuklic
50%
Genna Larsen
50%
Harper Rhee
50%
Jennifer Liu
50%
Josh Boroughs
50%
Julia Mickiewicz
50%
Kai Gomez
50%
Katherine Hill
50%
Lex Langlais
50%
Lucy Janssens
50%
Lucy Walker
50%
Mark Doan
50%
Mark Vann
50%
Mary Elizabeth Garvey
50%
Mathew Bonasso
50%
Maxwell Gross
50%
Phillip Sitton
50%
Rachel Stanietzky
50%
Robert Hamner
50%
Robert Mixon
50%
Sammie Anaipakos
50%
Sarah Kiyama
50%
Sebastian Williams-Adams
50%
Serina Yan
50%
Talia Musher
50%
Talulah Monthy
50%
Tristan Faillace
50%
Turner Edwards
50%
Ty Larsen
50%
William Oakley
50%
Xavier Llorens
50%
Adair Patterson
0%
Alexander Rustay
0%
Amelia Earle
0%
Arty Derkach
0%
Aubrey Bisping
0%
Bailey Berrios
0%
Brock Kelly
0%
Caden Brandt
0%
Caitlin Hunt
0%
Carlton Payne
0%
Cesc Baizan
0%
Chase Peavey
0%
Chloe West
0%
Claire Field
0%
Claire King
0%
Eason Stimming
0%
Eliza Perrin
0%
Emarie DiBella
0%
Emily Young
0%
Emmie Kuhl
0%
Enbao Cao
0%
Evan Gregory
0%
Grant Young
0%
Hayden Kramer
0%
Joseph Davis
0%
Justin Wright
0%
Katharine Yao
0%
Keely McMillan
0%
Kit Haggard
0%
Kiyan Mohammad
0%
Lauren Vo
0%
Lillian Cykowski
0%
Lore Laniyan
0%
Luke Harrison
0%
Lyle Raymond
0%
Mac Riser
0%
Mateo Ramirez-Valentini
0%
Maureen Ebaugh
0%
Maxime Gonzales
0%
Morgan Meneely
0%
Nate Lawless
0%
Oliver Carlyle
0%
Owen Sherill
0%
Rayna Kim
0%
Remy Phan
0%
Skylar Gross
0%
Sophie Ngu
0%
Warner Stahlbaum
0%
Yahya Mir
0%
Zia Falasha
0%

Score Distribution

Percentile by Number Answered

Percent of People with Each Score

Your Score History

You have not taken this quiz